Ultimate flag map 2 - Statistics

General Stats
  • This quiz has been taken 3 times
  • The average score is 15 of 31
Answer Stats
Picture Answer % Correct
Antarctica
100%
England
100%
Europe
100%
North America
100%
Northern Ireland
100%
Scotland
100%
Sicily
100%
South America
100%
Wales
100%
Africa
50%
Asia
50%
Brest
50%
Brittany
50%
Catalonia
50%
Corsica
50%
Crete
50%
Galicia
50%
Gomel
50%
Greenland
50%
Sardinia
50%
Aceh
0%
Amazonas
0%
Ancash
0%
Ang Thong
0%
Avannaata
0%
Bali
0%
Basque Country
0%
Minsk
0%
Minsk
0%
Mogilev
0%
Vitebsk
0%
No matching quizzes found
Score Distribution
Percent of People with Each Score
Percentile by Number Answered
Your Score History
You have not taken this quiz